Historia del cine cubano : (Record no. 10344)

MARC details
000 -LEADER
campo de control de longitud fija 01136cam a2200337 a 4500
001 - NÚMERO DE CONTROL
campo de control 33766
005 - FECHA Y HORA DE LA ÚLTIMA TRANSACCIÓN
campo de control 20230410101558.0
008 - DATOS DE LONGITUD FIJA--INFORMACIÓN GENERAL
campo de control de longitud fija 020708s2002 flua b 000 0 spa
035 ## - NÚMERO DE CONTROL DEL SISTEMA
Número de control de sistema (DLC) 2002109543
035 ## - NÚMERO DE CONTROL DEL SISTEMA
Número de control de sistema 12845665
010 ## - NÚMERO DE CONTROL DE LA BIBLIOTECA DEL CONGRESO
Número de control de LC 2002109543
020 ## - NÚMERO INTERNACIONAL ESTÁNDAR DEL LIBRO
Número Internacional Estándar del Libro 0897299965
040 ## - FUENTE DE CATALOGACIÓN
Centro catalogador/agencia de origen DLC
Centro/agencia transcriptor DLC
Centro/agencia modificador DLC
042 ## - CÓDIGO DE AUTENTICACIÓN
Código de autenticación pcc
043 ## - CÓDIGO DE ÁREA GEOGRÁFICA
Código de área geográfica nwcu---
050 14 - SIGNATURA TOPOGRÁFICA DE LA BIBLIOTECA DEL CONGRESO
Número de clasificación 107 PN 1993.5
Número de ítem N778h 2002
082 00 - NÚMERO DE LA CLASIFICACIÓN DECIMAL DEWEY
Número de clasificación 791.43/097291
Número de edición 22
100 1# - ENTRADA PRINCIPAL--NOMBRE DE PERSONA
Nombre de persona Noguer, Eduardo G.,
Fechas asociadas al nombre 1946-
245 10 - MENCIÓN DEL TÍTULO
Título Historia del cine cubano :
Resto del título cien años, 1897-1998 /
Mención de responsabilidad, etc. Eduardo G. Noguer.
250 ## - MENCION DE EDICION
Mención de edición 2. ed. rev. y ampliada.
260 ## - PUBLICACIÓN, DISTRIBUCIÓN, ETC.
Lugar de publicación, distribución, etc. Miami, Fla. :
Nombre del editor, distribuidor, etc. Ediciones Universal,
Fecha de publicación, distribución, etc. 2002.
300 ## - DESCRIPCIÓN FÍSICA
Extensión 576 p. :
Otras características físicas ill. (some col.) ;
Dimensiones 29 cm.
490 1# - MENCIÓN DE SERIE
Mención de serie Colección Arte
500 ## - NOTA GENERAL
Nota general First ed. published in 1999 as: Cien años de cine cubano : de 1989 al 2000.
504 ## - NOTA DE BIBLIOGRAFÍA, ETC.
Nota de bibliografía, etc. Includes bibliographical references (p. 572).
650 #0 - PUNTO DE ACCESO ADICIONAL DE MATERIA--TÉRMINO DE MATERIA
Término de materia o nombre geográfico como elemento de entrada Motion pictures
Subdivisión geográfica Cuba
Subdivisión general History.
700 1# - ENTRADA AGREGADA--NOMBRE PERSONAL
Nombre de persona Noguer, Eduardo G.,
Fechas asociadas al nombre 1946- .
Título de la obra Cien aänos de cine cubano.
830 #0 - PUNTO DE ACCESO ADICIONAL DE SERIE-TÍTULO UNIFORME
Título uniforme Colección Arte (Miami, Fla.)
925 0# -
-- acquire
-- 2 shelf copies
-- policy default
942 ## - ELEMENTOS DE ENTRADA SECUNDARIOS (KOHA)
Fuente del sistema de clasificación o colocación Clasificación de Library of Congress
Tipo de ítem Koha
Holdings
Estatus retirado Estado de pérdida Fuente del sistema de clasificación o colocación Estado de daño No para préstamo Colección Biblioteca de origen Biblioteca actual Ubicación en estantería Fecha de adquisición Serial enumeration / chronology Signatura topográfica completa Código de barras Visto por última vez Copia número Tipo de ítem Koha
    Clasificación de Library of Congress     Recursos Regionales Biblioteca Juan Bosch Biblioteca Juan Bosch Recursos Regionales (2do. Piso) 10/04/2023 1 107 PN 1993.5 N778h 2002 00000035734 23/10/2018 1